000 00526nam a22001937a 4500
003 KOHA_MİRAKIL
005 20251107125937.0
008 251107b tu ||||| |||| 00| 0 tur d
020 _a9786057639943
040 _aTR-AnABB
_btur
_cTR-AnABB
041 _atur
082 _a398.5
_bDED 2020
100 1 _aAlper, Serap,
245 1 0 _aDede Korkut hikayeleri
_cSerap Alper
260 _aİstanbul :
_bTurkuvaz Yayınları,
300 _a199 sayfa ;
_c21 cm
650 0 0 _aHalk edebiyatı, hikaye
942 _2ddc
_cBK
999 _c9290
_d9290
900 _bGizem YORULMAZ